000 00793nam a22002177a 4500
003 UA-OsUOA
001 106340
007 ta
008 20140513b un ||||| |||| 00| 0 ukr d
100 _aЧекотовський Е.В.
090 _a330(477)
_bЧ-37
942 _cSA
040 _aUA-OsUOA
_bukr
_cUA-OsUOA
_dUA-OsUOA
245 _aВідносні статистичні показники: історія та теорія. Частина ІІІ. Еволюція видів відносних статистичних показників та їх класифікація
300 _aС.33-40
955 _a0
041 _aukr
080 _a330(477)
773 0 _w106337
_tСтатистика України
_dК.
_d2014
_g1
650 7 _a330 Економіка взагалі
_2UDC
999 _c392476
_d392476